000 00920nam a22002295i 4500
001 160271
003 ES-MaACL
005 20230906212001.0
008 040928s1793 ne |||| | fre d
040 _aCAM
_bspa
_cCAM
100 1 _aMouhy, Charles de Fieux.
_9130241
245 1 3 _aLa masque de fer ou Les aventures admirables du pere et du fils
_b: tome premier.
260 _aA La Haye :
_bchez Pierre de Hondt imprimeur-libraire,
_c1793.
300 _a[2], 142 [i.e. 138] p. ;
_c8ยบ.
594 _aAutor tomado de Barbier, t.III.
597 _aSign.: A\p8\s, B\p4\s, C\p4\s, D\p8\s, E\p4\s, F\p6\s, G\p8\s, H\p4\s, I\p6\s, K\p8\s, L\p4\s, M\p4\s.
597 _aError de pag., pasa de pag. 28 a 33.
700 1 1 _aHondt, Pieter,
_eimp.
_9128020
740 4 1 _aLes aventures admirables du pere et du fils.
752 _aHolanda -
_dLa Haya
852 _aES-MaACL
_jR-744-45
_z-- Enc. piel
_x Olim: G-1379-80
999 _c160271
_d160271